El niño en la escuela
Salvato in:
| Autori principali: | , |
|---|---|
| Natura: | Libro |
| Lingua: | spagnolo |
| Pubblicazione: |
Buenos Aires
Paidós
1964
|
| Serie: | Biblioteca del educador contemporáneo, 8
|
| Soggetti: | |
| Tags: |
Aggiungi Tag
Nessun Tag, puoi essere il primo ad aggiungerne!!
|
MARC
| LEADER | 00000nam a2200000 a 4500 | ||
|---|---|---|---|
| 001 | UCY8964 | ||
| 003 | CL-VaPUC | ||
| 008 | 950707e19640000AG |||||||||||||||||spa|d | ||
| 082 | 0 | 4 | |a 370.15 |b JER |2 21 |
| 100 | |a Jersild, Arthur Thomas |e author |9 568688 | ||
| 700 | 0 | |a Washburne, Carleton W |e author |9 340852 | |
| 245 | 1 | 3 | |a El niño en la escuela |
| 300 | |a 80 p | ||
| 942 | |c BK | ||
| 945 | |d 19950707 00:00:00 |a cmena | ||
| 260 | |a Buenos Aires |b Paidós |c 1964 | ||
| 650 | 0 | |a Niños |9 255605 | |
| 650 | 0 | |a Adaptación escolar |9 308713 | |
| 650 | 0 | |a Adaptación social |9 336043 | |
| 650 | 0 | |a Comportamiento |9 308406 | |
| 650 | 7 | |a CAMBIO DE ACTITUD |2 CL-VaPUC |9 335665 | |
| 650 | 0 | |a Métodos de enseñanza |9 270413 | |
| 583 | |a last modification |c 19950707 00:00:00 |k Rodrigo Vera | ||
| 490 | 0 | |a Biblioteca del educador contemporáneo, 8 | |
| 999 | |c 236141 |d 236139 | ||
| 952 | |0 0 |1 0 |4 0 |6 370_150000000000000_JER_1964 |7 0 |8 P |9 244017 |a BIBEDU |b BIBEDU |c BIBEDU_PB |d 2019-11-18 |i 1529382 |o 370.15 JER 1964 |p 1529382 |r 2024-01-25 |w 2019-11-18 |y BK |k EDU | ||
| 952 | |0 0 |1 0 |4 0 |6 370_150000000000000_JER_1964 |7 0 |8 P |9 244018 |a BIBEDU |b BIBEDU |c BIBEDU_PB |d 2019-11-18 |i 1529390 |o 370.15 JER 1964 |p 1529390 |r 2024-01-25 |w 2019-11-18 |y BK |k EDU | ||